Представление документа в формате RUSMARC

ПолеНазваниеЗначение
  Тип записи a
  Библиографический уровень m
001 Контрольный номер UONB/MAIN/af924564a768409f849b68984a0d3cf3
005 Дата корректировки 20260428171344.9
010 Индекс ISBN __
d Цена 98 к.
9 Тираж 65000 экз.
b Уточнения в пер.
100 Данные общей обработки __
a Данные общей обработки 20260428d1966 u y0rusy018902 ca
101 Язык документа 0_
a Язык текста rus
102 Страна публикации __
a Страна публикации RU
105 Кодированные данные (монография) __
a Кодированные данные (монография) a z 000ay
200 Заглавие и сведения об ответственности 1_
a Заглавие Эллинский секрет
e Сведения, относящиеся к заглавию сборник
f Первые сведения об ответственности составители и авторы предисловия Е. П. Брандис и В. И. Дмитревский
g Последующие сведения об ответственности иллюстратор М. А. Кулаков
203 Вид содержания и тип средства __
a Вид содержания Текст
b Характеристика содержания визуальный
c Тип средства непосредственный
210 Выходные данные 1_
a Место издания Ленинград
c Издательство Лениздат
d Дата издания 1966
215 Физическое описание __
a Объем 518 с.
c Иллюстрации/тип воспроизводства ил.
d Формат 20 см
225 Серия 1_
a Серия В мире фантастики и приключений
327 Примечание о содержании 01
a Примечание о содержании Содерж.: Люди как боги / С. Снегов. Эллинский секрет / И. Ефремов. Великий актер Джонс / Г. Гор. Драгоценный груз / Л. Борисов [и др.]
606 Тематические рубрики 0_
a Основная рубрика Научно-фантастические романы и рассказы (х. л.)
610 Ключевые слова 0_
a Ключевые слова научно-фантастические романы и рассказы (х. л.)
686 Индексы других классификаций __
a Классификационный индекс 84Р2
2 Код системы rubbk
686 Индексы других классификаций __
a Классификационный индекс И(Амер)
2 Код системы rubbk
702 Вторичная интеллектуальная ответственность _1
a Фамилия Брандис
b Имя (инициалы) Е. П.
g Полное личное имя Евгений Павлович
f Даты 1916-1985
4 Код отношения 220
4 Код отношения 080
702 Вторичная интеллектуальная ответственность _1
a Фамилия Дмитревский
b Имя (инициалы) В. И.
4 Код отношения 220
4 Код отношения 080
702 Вторичная интеллектуальная ответственность _1
a Фамилия Кулаков
b Имя (инициалы) М. А.
4 Код отношения 440
801 Источник записи _0
a Страна RU
b Организация Ульяновская ОНБ
c Дата составления 20260428
g Правила каталогизации RCR
801 Источник записи _1
a Страна RU
b Организация Ульяновская ОНБ
c Дата составления 20260428
g Правила каталогизации RCR
901 Тип документа __
t Тип документа m
909 Создатель записи __
a Создатель записи Мартьянова
b Дата создания записи 20260428